000 00705nam a2200253Ia 4500
003 OSt
005 20220918174137.0
006 a|||||r|||| 00| 0
007 ta
008 220917b |||||||| |||| 00| 0 eng d
024 _a10,675
037 _cTextual
040 _aARTS
_cARTS
_beng
041 _2eng
_aeng
082 _aM143, L0
110 _aGreat Britain national economic development office
_949254
245 0 _aPrinting in a competive world
260 _aLondon
_bHMSO
_c1970
300 _avii,60p
_ccm.
650 _aINDUSTRIAL ARTS
700 _aGreat Britain national economic development office
_949255
942 _hM143, L0
_cTEXL
_2CC
999 _c151962
_d151962